Statistics for 1996 NBA Draft

Click here to take the quiz!

General Stats

  • This quiz has been taken 256 times
    (185 since last reset)
  • The average score is 8 of 29

Answer Stats

Pick College/Club Team Player Name % Correct
1stGeorgetownPhiladelphia 76ersAllen Iverson
96%
13thLower Merion (HS)Charlotte HornetsKobe Bryant (traded to L.A. lakers)
83%
15thSanta ClaraPhoenix SunsSteve Nash
67%
5thUconnMinnesota TimberwolvesRay Allen (traded to milwaukee)
62%
2ndMassachusettsToronto RaptorsMarcus Camby
46%
6thKentuckyBoston CelticsAntoine Walker
37%
9thLouisvilleDallas MavericksSamaki Walker
37%
4thGeorgia TechMilwaukee BucksStephon Marbury (traded to minnesota)
36%
17thEau Claire (HS)Portland TrailblazersJermaine O'Neal
31%
3rdCalVancouver GrizzliesShareef Abdur-Rahim
26%
26thGeorgetownDetroit PistonsJerome Williams
25%
14thPAOK (greece)Sacramento KingsPeja Stojakovic
25%
8thVillanovaNew Jersey NetsKerry Kittles
24%
20thAtletas (Lithuania)Cleveland CavaliersZydrunas Ilgauskas
21%
24thArkansas- Little RockLos Angeles LakersDerek Fisher
21%
18thSyracuseNew York KnicksJohn Wallace
17%
21stMississippi st.New York KnicksDontae Jones
16%
7thMemphisLos Angeles ClippersLorenzen Wright
14%
10thMississippi st.Indiana PacersErick Dampier
11%
11thNC stateGolden State WarriorsTodd Fuller
9%
16thKentuckyCharlotte HornetsTony Delk
9%
12thWright st.Cleveland CavaliersVitaly Potapenko
9%
29thUconnChicago BullsTravis Knight
8%
19thKentuckyNew York KnicksWalter McCarty
7%
22ndAlabamaVancouver GrizzliesRoy Rogers
7%
23rdPAOK (greece)Denver NuggetsEfthimios Rentzias
6%
27thIndianaOrlando MagicBrian Evans
6%
25thTallina Kalev (Estonia)Utah JazzMartin Muursep
5%
28thPeristeri (greece)Atlanta HawksPriest Lauderdale
5%

Score Distribution

Percentile by Number Answered

Percent of People with Each Score

Your Score History

You have not taken this quiz since the last reset